UM Logo

Modeling and design of high-power, high-current-ripple planar inductors / (Record no. 19291)

MARC details
000 -LEADER
fixed length control field 01122nam a22002537a 4500
003 - CONTROL NUMBER IDENTIFIER
control field OSt
005 - DATE AND TIME OF LATEST TRANSACTION
control field 20250911165200.0
008 - FIXED-LENGTH DATA ELEMENTS--GENERAL INFORMATION
fixed length control field 240222b ||||| |||| 00| 0 eng d
040 ## - CATALOGING SOURCE
Transcribing agency 0
082 ## - DEWEY DECIMAL CLASSIFICATION NUMBER
Classification number DPer 621.317 Ie21 May 2022 v. 37 n. 5
100 ## - MAIN ENTRY--PERSONAL NAME
Personal name Gao, Yucheng.
Relator term author.
9 (RLIN) 53039
245 ## - TITLE STATEMENT
Title Modeling and design of high-power, high-current-ripple planar inductors /
Statement of responsibility, etc. Yucheng Gao, Vivek Sankaranarayanan, Ercan M. Dede, Yuqing Zhou, Feng Zhou, Robert W. Erickson, and Dragan Maksimovic.
260 ## - PUBLICATION, DISTRIBUTION, ETC. (IMPRINT)
Place of publication, distribution, etc. New York ;
Name of publisher, distributor, etc. The Institute of Electrical and Electronics Engineers, Inc. ,
Date of publication, distribution, etc. May 2022.
300 ## - PHYSICAL DESCRIPTION
Extent Volume 37, pages 5816-5832 :
Other physical details illustration ;
Dimensions 28 cm.
500 ## - GENERAL NOTE
General note IEEE Transactions on Power Electronics, vol. 37, no. 5, pages 5816-5832, May 2022.
700 ## - ADDED ENTRY--PERSONAL NAME
Personal name Gao, Yucheng.
Relator term author.
9 (RLIN) 53039
700 ## - ADDED ENTRY--PERSONAL NAME
Personal name Sankaranarayanan, Vivek.
Relator term author.
9 (RLIN) 53040
700 ## - ADDED ENTRY--PERSONAL NAME
Personal name Dede, Ercan M.
Relator term author.
9 (RLIN) 53041
700 ## - ADDED ENTRY--PERSONAL NAME
Personal name Zhou, Yuqing.
Relator term author.
9 (RLIN) 53042
700 ## - ADDED ENTRY--PERSONAL NAME
Personal name Zhou, Feng.
Relator term author.
9 (RLIN) 53043
700 ## - ADDED ENTRY--PERSONAL NAME
Personal name Erickson, Robert W.
Relator term author.
9 (RLIN) 53044
700 ## - ADDED ENTRY--PERSONAL NAME
Personal name Maksimovic, Dragan.
Relator term author.
9 (RLIN) 53045
942 ## - ADDED ENTRY ELEMENTS (KOHA)
Source of classification or shelving scheme Dewey Decimal Classification
Koha item type Periodicals
Holdings
Withdrawn status Lost status Source of classification or shelving scheme Damaged status Not for loan Collection code Home library Current library Date acquired Total Checkouts Full call number Date last seen Price effective from Koha item type Public note
    Dewey Decimal Classification     Periodicals UM Digos College - LIC UM Digos College - LIC 02/22/2024   DPer 621.317 Ie21 May 2022 v. 37 n. 5 02/22/2024 02/22/2024 Periodicals Periodical Article